Andrés Bello.

Bewaard in:
Bibliografische gegevens
Hoofdauteur: Caldera, Rafael (autor)
Formaat: Boek
Gepubliceerd in: Caracas, Venezuela: Monte Avila Editores, 1978.
Onderwerpen:
Tags: Voeg label toe
Geen labels, Wees de eerste die dit record labelt!

MARC

LEADER 00000nam a22000007a 4500
003 CL-VaPUC
005 20220822114554.0
008 220708t1978 ||||| |||| 00| 0 eng d
999 |c 436823  |d 436821 
040 |c Pontificia Universidad Católica de Valparaíso 
082 7 |a 923.2 CAL 1978  |2 22 
100 |a Caldera, Rafael  |e autor  |9 383010 
245 |a Andrés Bello. 
260 |a Caracas, Venezuela:  |b Monte Avila Editores,   |c 1978. 
300 |a 255 páginas.  
500 |a c.1 Donación Familia Prof. Alejandro Guzmán Brito. 
583 |a last modification  |c 19970412 00:00:00  |k Cristina María Rojas Aguilar 
600 0 |a Bello, Andrés,   |d 1781-1865  |x Biografía   |9 545824 
942 |c BK  |2 ddc  |n 0 
952 |0 0  |1 0  |2 ddc  |4 0  |6 923_200000000000000_CAL_1978  |7 0  |8 C_AGB  |9 584552  |a BIBDER  |b BIBDER  |d 2022-07-08  |e Donación   |i 5652603  |o 923.2 CAL 1978  |p 5652603  |r 2023-01-25  |t 1  |w 2022-07-08  |y BK_US  |k AGB